00444nam a2200181Ia 4500003000900000008004100009040001300050040001200063041000800075100002200083245005100105250001200156260002600168260001000194300002100204490000700225600003000232IT-RoPAU120407s9999 xx 000 0 und d aIT-RoPAU c160 P." aita aGiacomo Alberione aDaily Meditations. 3° vol. The great prayers  aBoston  aDaughters of St. Paul c1983  a165 p. c18,5 cm v13 a"1° Vol The great truths